El camino de la Fe / (Record no. 36206)

MARC details
000 -LEADER
campo de control de longitud fija 00485nam a2200169 i 4500
001 - NÚMERO DE CONTROL
campo de control 36206
003 - IDENTIFICADOR DE NÚMERO DE CONTROL
campo de control ES-MaACL
005 - FECHA Y HORA DE LA ÚLTIMA TRANSACCIÓN
campo de control 20230906155326.0
007 - CAMPO FIJO DE DESCRIPCIÓN FÍSICA--INFORMACIÓN GENERAL
campo de control de longitud fija t|
008 - DATOS DE LONGITUD FIJA--INFORMACIÓN GENERAL
campo de control de longitud fija 030217s1967 sp ||||1| spa d
100 1# - ENTRADA PRINCIPAL--NOMBRE DE PERSONA
Nombre de persona Brien, André.
9 (RLIN) 31704
245 13 - MENCIÓN DEL TÍTULO
Título El camino de la Fe /
Mención de responsabilidad, etc. André Brien ; traducción de Julián Ruiz Díaz.
260 ## - PUBLICACIÓN, DISTRIBUCIÓN, ETC.
Lugar de publicación, distribución, etc. Madrid :
Nombre del editor, distribuidor, etc. Marova,
Fecha de publicación, distribución, etc. [1967]
300 ## - DESCRIPCIÓN FÍSICA
Extensión 236 p. ;
Dimensiones 19 cm.
700 1# - ENTRADA AGREGADA--NOMBRE PERSONAL
Nombre de persona Ruiz Díaz, Julián.
9 (RLIN) 100786
852 ## - LOCALIZACIÓN
Ubicación ES-MaACL
Número de control de estantería C-33640
Sublocalización o colección R.64523
Holdings
Estatus retirado Estado de pérdida Estado de daño No para préstamo Biblioteca de origen Biblioteca actual Ubicación en estantería Fecha de adquisición Fuente de adquisición Total de préstamos Signatura topográfica completa Código de barras Visto por última vez Precio de reemplazo Tipo de ítem Koha
        Biblioteca del Ateneo de Madrid Biblioteca del Ateneo de Madrid Depósito 2 17/01/2008     C-33640 1038001 23/02/2023 23/02/2023 Libro impreso